000 00432cam a22001217a 4500
008 180718b1943 xxu||||| |||| 00| 0 eng d
082 _aAB7x54 Sm68m
100 _aSmith, Wilfred Cantwell
245 _aModern Islam in India:a social analysis
_cby Wilfred Cantwell Smith
260 _aLahore
_bMinerva Book Shop
_c1943
300 _a399p
650 _aMuslims -India.Nationalism and religion -India.Islam -India.India -Intellectual life.
999 _c494834
_d494834